|
|
|
|
| LEADER |
00000nab a2200000 ar4500 |
| 001 |
vtls009938278 |
| 003 |
SK-MaSNL |
| 005 |
20260303045043.0 |
| 008 |
090810c2009 xo |||||| | ||00 b|slo |
| 015 |
|
|
|a SNBRB2009/08
|2 snkbucl
|
| 038 |
|
|
|a SNKBUCL
|
| 040 |
|
|
|a SNKBUCL
|b slo
|c SNKBUCL
|e AACR2
|
| 041 |
0 |
|
|a slo
|
| 044 |
|
|
|a xo
|c SK
|
| 080 |
|
|
|a 392.8
|x (437.6)
|x "327.01"
|2 2001
|
| 080 |
|
|
|a 398.3
|x (437.6)
|x "327.01"
|2 2001
|
| 080 |
|
|
|a 398.332.42
|x (437.6)
|2 2001
|
| 100 |
1 |
|
|a Košťálová, Žofia
|4 aut
|9 1035086
|
| 245 |
1 |
0 |
|a Silvester a zvyky počas januára
|b tradičná strava
|c text: Žofia Košťálová
|
| 650 |
0 |
7 |
|a ľudové jedlá
|2 snkbucl
|9 619157
|
| 650 |
0 |
7 |
|a Silvester
|2 snkbucl
|9 29911
|
| 650 |
0 |
7 |
|a január
|2 snkbucl
|9 873231
|
| 650 |
0 |
7 |
|a ľudová strava
|2 snkbucl
|9 59353
|
| 650 |
0 |
7 |
|a ľudové zvyky
|2 snkbucl
|9 66558
|
| 773 |
0 |
|
|t Vitalita
|g Č. 1 (2009), s. 18
|x 1335-9134
|
| 852 |
|
|
|a SNK
|b KIS3GCP
|
| 958 |
|
|
|a MI
|
| 999 |
|
|
|c 1702387
|d 1704317
|